LEADER 01201nam a2200313 i 4500 001 991004378032307536 005 20250429173235.0 008 250429s2001 it er 001 e mul d 020 $a8817171840 040 $aBibl. Dip.le Aggr. Studi Umanistici - Sez. Filosofia$bita$cSocioculturale Scs 041 0 $aita$aeng 082 04$a320.01$223 100 1 $aLocke, John$d1632-1704$044514 240 13$aAn essay concerning the true original, extent, and end of civil government 245 13$aIl secondo trattato sul governo :$bsaggio concernente la vera origine, l'estensione e il fine del governo civile /$cJohn Locke ; introduzione di Tito Magri ; traduzione di Anna Gialluca 250 $a2. edizione 260 $aMilano :$bRizzoli,$c2001 300 $a397 p. ;$c18 cm 490 1 $aBUR. Classici ;$v1184 490 1 $aBUR. L ;$v1184 500 $aTesto inglese a fronte 650 4$aGoverno$xTeorie$yOpere del 17. sec. 700 1 $aMagri, Tito 700 1 $aGialluca, Anna 830 0$aBUR.$pClassici ;$v1184 830 0$aBUR. L ;$v1184 912 $a991004378032307536 996 $aEssay concerning the true original, extent, and end of civil government$93635279 997 $aUNISALENTO LEADER 01667nam 2200421z- 450 001 9910404229303321 005 20210211 010 $a989-26-1373-2 024 7 $a10.14195/978-989-26-1373-4 035 $a(CKB)4100000011302665 035 $a(oapen)https://directory.doabooks.org/handle/20.500.12854/41297 035 $a(NjHacI)994100000011302665 035 $a(oapen)doab41297 035 $a(EXLCZ)994100000011302665 100 $a20202102d2018 |y 0 101 0 $apor 135 $aurmn|---annan 181 $ctxt$2rdacontent 182 $cc$2rdamedia 183 $acr$2rdacarrier 200 00$aArquitetura, Poli?tica e Sau?de 210 $cCoimbra University Press$d2018 215 $a1 online resource (464 p.) 225 1 $aOlhares 311 08$a989-26-1372-4 320 $aIncludes bibliographical references and index. 330 $aBissaya Barreto, me?dico-cirugia?o muito interventivo, perseverante e multifacetado, estabelecido em Coimbra, procurou, no decurso de quase cinco de?cadas, conciliar as suas duas actividades principais (medicina e poli?tica), com a promoc?a?o de um assinala?vel conjunto de equipamentos hospitalares e assistenciais na Regia?o Centro do pai?s. Na?o sendo Arquitecto, era dotado de uma forte sensibilidade arti?stica aliada 410 0$aOlhares. 606 $aModular coordination (Architecture) 615 0$aModular coordination (Architecture) 676 $a729.2 700 $aRicardo Jerónimo Silva$4auth$01278498 801 0$bNjHacI 801 1$bNjHacl 906 $aBOOK 912 $a9910404229303321 996 $aArquitetura, Política e Saúde$93013349 997 $aUNINA